| 000 | 00601cam a22002171a 4500 | ||
|---|---|---|---|
| 001 | 6473543 | ||
| 005 | 20180215050051.0 | ||
| 008 | 770709s1946 nyuab b 001 0 eng | ||
| 010 | _a 47002355 | ||
| 035 | _a(OCoLC)3102919 | ||
| 040 |
_aDLC _cOC _dICIU _dPPiU _dDLC |
||
| 041 | _aeng | ||
| 080 | _a330.98 WYT | ||
| 082 | _a330.98 WYT | ||
| 100 | 1 | _a52 | |
| 101 | _aEKO | ||
| 245 | 1 | 3 |
_aAn outline of Latin American economic development / _cby George Wythe. |
| 504 | _aIncludes bibliographical references and index. | ||
| 906 |
_a7 _bcbc _coclcrpl _du _encip _f19 _gy-gencatlg |
||
| 942 |
_2ddc _cBK |
||
| 999 |
_c42622 _d42622 |
||